|
|
|
|
| LEADER |
00000nbm0a2200000 4500 |
| 001 |
156382 |
| 005 |
20231031153115.0 |
| 029 |
0 |
0 |
|a SU
|b 01830011704
|f ТПУ
|
| 035 |
|
|
|a (RuTPU)RU\TPU\book\169622
|
| 090 |
|
|
|a 156382
|
| 100 |
|
|
|a 20090326d k y0rusy50 ca
|
| 101 |
0 |
|
|a rus
|
| 102 |
|
|
|a RU
|
| 105 |
|
|
|a a p 001zy
|
| 200 |
1 |
|
|a Совершенствование комплексной системы управления качеством асинхронных двигателей
|a Исследование нагрева, электромагнитного поля и вентиляции асинхронных двигателей
|e Промежуточный отчет о НИР
|e Тема : 7-18/82
|f Томский политехнический институт (ТПИ) ; руководитель Д. И. Санников ; Н. И. Яковенко
|
| 210 |
|
|
|a Томск
|d 1983
|
| 215 |
|
|
|a 98 л.
|
| 320 |
|
|
|a Библиогр.: с. 96 - 98.
|
| 610 |
1 |
|
|a асинхронные двигатели
|
| 610 |
1 |
|
|a системы
|
| 610 |
1 |
|
|a управление качеством
|
| 610 |
1 |
|
|a аэродинамический шум
|
| 610 |
1 |
|
|a вентиляторы
|
| 610 |
1 |
|
|a вентиляционные узлы
|
| 610 |
1 |
|
|a параметры
|
| 610 |
1 |
|
|a тепловое состояние
|
| 610 |
1 |
|
|a программы
|
| 610 |
1 |
|
|a потери
|
| 610 |
1 |
|
|a отчеты о НИР
|
| 675 |
|
|
|a 621.313.333(04)
|v 3
|
| 702 |
|
1 |
|a Санников
|b Д. И.
|4 673
|
| 702 |
|
1 |
|a Яковенко
|b Н. И.
|4 677
|
| 712 |
0 |
2 |
|a Томский политехнический институт (ТПИ)
|c (1944-1991)
|2 stltpush
|3 (RuTPU)RU\TPU\col\1123
|4 595
|
| 801 |
|
1 |
|a RU
|b 63413507
|c 20090326
|g PSBO
|
| 942 |
|
|
|c BK
|